LEADER 02350cam0-22007691i-450- 001 990001442260403321 005 20100913104440.0 010 $a88-386-5001-2 035 $a000144226 035 $aFED01000144226 035 $a(Aleph)000144226FED01 035 $a000144226 100 $a20001205d1994----km-y0itay50------ba 101 1 $aita$ceng 102 $aIT 105 $aa-------001yy 200 1 $aAlgebra lineare$e2375 problemi risolti$fSeymour Lipschutz 205 $a2. ed. 210 $aMilano$cMcGraw-Hill$dc1994 215 $aVII, 453 p.$cill.$d26 cm 225 1 $aCollana Schaum's$v18 454 0$12001$aTitolo originale : Linear Algebra$918885 610 0 $aAlgebra lineare$aManuali 610 0 $aAlgebra lineare$aEsercizi 676 $a512 676 $a512.5 700 1$aLipschutz,$bSeymour$01221 801 0$aIT$bUNINA$gRICA$2UNIMARC 901 $aBK 912 $a990001442260403321 952 $aEDISU-512.5-1A$b19807$fSC1 952 $aEDISU-512.5-1B$b19808$fSC1 952 $aEDISU-512.5-1C$b19809$fSC1 952 $aEDISU-512.5-1D$b19810$fSC1 952 $aEDISU-512.5-1$b19806$fSC1 952 $aEDISU-512.5-1E$b19811$fSC1 952 $aEDISU-512.5-1H$b19815$fSC1 952 $aEDISU-512.5-1F$b19812$fSC1 952 $aEDISU-512.5-1R$b19813$fSC1 952 $aEDISU-512.5-1G$b19814$fSC1 952 $aD-51-LIA-02$b17569$fMA1 952 $aD-51-LIA-01$b17568$fMA1 952 $aD-51-LIA-03$b17570$fMA1 952 $aD-51-LIA-04$b17571$fMA1 952 $aEDISU-512.5-1J$b19817$fSC1 952 $aEDISU-512.5-1K$b19818$fSC1 952 $aEDISU-512.5-1S$b19819$fSC1 952 $aEDISU-512.5-1L$b19820$fSC1 952 $aEDISU-512.5-1I$b19816$fSC1 952 $aEDISU-512.5-M$b19821$fSC1 952 $aEDISU-512.5-1Q$b19825$fSC1 952 $aEDISU-512.5-1N$b19822$fSC1 952 $aEDISU-512.5-1O$b19823$fSC1 952 $aEDISU-512.5-1P$b19824$fSC1 952 $a02 16 E 38$b6954$fFINBN 952 $a02 16 E 42$b6958$fFINBN 952 $a02 16 E 40$b6956$fFINBN 952 $a02 16 E 41$b6957$fFINBN 952 $a02 16 E 39$b6955$fFINBN 952 $a13 A 26 12$b8449$fFINBC 959 $aSC1 959 $aMA1 959 $aFINBN 959 $aFINBC 962 $a15-01 996 $aTitolo originale : Linear Algebra$918885 997 $aUNINA LEADER 01593nam 2200529Ia 450 001 9910450416503321 005 20200520144314.0 010 $a1-280-08499-5 010 $a9786610084999 035 $a(CKB)1000000000024251 035 $a(SSID)ssj0000087682 035 $a(PQKBManifestationID)11113071 035 $a(PQKBTitleCode)TC0000087682 035 $a(PQKBWorkID)10053690 035 $a(PQKB)11032425 035 $a(MiAaPQ)EBC3050751 035 $a(Au-PeEL)EBL3050751 035 $a(CaPaEBR)ebr10069601 035 $a(CaONFJC)MIL8499 035 $a(OCoLC)70773602 035 $a(EXLCZ)991000000000024251 100 $a20040624d2004 uy 0 101 0 $aeng 135 $aurcn||||||||| 181 $ctxt 182 $cc 183 $acr 200 10$aInternational financial reporting standards$b[electronic resource] $epractical guide /$fHennie van Greuning 210 $aWashington, D.C. $cWorld Bank$d2004 215 $ax, 296 p 300 $aRev. ed. of: International accounting standards. 2001. 311 $a0-8213-5910-X 606 $aAccounting$xStandards 606 $aFinancial statements$xStandards 608 $aElectronic books. 615 0$aAccounting$xStandards. 615 0$aFinancial statements$xStandards. 676 $a657/.02/18 700 $aGreuning$b Hennie van$0318500 701 $aGreuning$b Hennie van$0318500 801 0$bMiAaPQ 801 1$bMiAaPQ 801 2$bMiAaPQ 906 $aBOOK 912 $a9910450416503321 996 $aInternational financial reporting standards$9782748 997 $aUNINA LEADER 02197nam 2200409 450 001 9910142028103321 005 20230424110726.0 010 $a1-4799-6711-4 035 $a(CKB)2560000000337707 035 $a(NjHacI)992560000000337707 035 $a(EXLCZ)992560000000337707 100 $a20230424d2014 uy 0 101 0 $aeng 135 $aur||||||||||| 181 $ctxt$2rdacontent 182 $cc$2rdamedia 183 $acr$2rdacarrier 200 10$aRobotics $eSBR-LARS Robotics Symposium and Robocontrol (SBR LARS Robocontrol), 2014 Joint Conference on /$fInstitute of Electrical and Electronics Engineers 210 1$aPiscataway, New Jersey :$cIEEE,$d2014. 215 $a1 online resource (xviii, 266 pages) 311 $a1-4799-6712-2 311 $a1-4799-6710-6 330 $aMainly classed as 9 II AI, focused in 9 II IX Robotics, but also including other sub topics as indicated below 2 Hardware 9 Computing Methodologies II Artificial Intelligence I Applications and Expert Knowledge Intensive Systems III Deduction and Theorem Proving and Knowledge Processing VI Learning VIII Problem Solving, Control Methods, and Search IX Robotics X Vision and Scene Understanding XI Distributed Artificial Intelligence XII Intelligent Web Services and Semantic Web XIII Knowledge Management m Miscellaneous IV Image Processing and Computer Vision V Pattern Recognition VI Simulation, Modeling, and Visualization 10 Computer Applications 0 General II Physical Sciences and Engineering III Life and Medical Sciences VI Computer Aided Engineering VII Computers in Other Systems IX Mobile Applications m Miscellaneous. 517 $a2014 Joint Conference on Robotics 517 $a2014 Joint Conference on Robotics: SBR-LARS Robotics Symposium and Robocontrol 517 $aRobotics 606 $aAutomatic control$xReliability$vCongresses 606 $aAutomatic control$xStudy and teaching$vCongresses 615 0$aAutomatic control$xReliability 615 0$aAutomatic control$xStudy and teaching 676 $a629.8 801 0$bNjHacI 801 1$bNjHacl 906 $aPROCEEDING 912 $a9910142028103321 996 $aRobotics$958467 997 $aUNINA